Statistics for Routes of the Worst Air Disasters Since 2010

Click here to take the quiz!

General Stats

  • This quiz has been taken 238 times
    (162 since last reset)
  • The average score is 14 of 32

Answer Stats

DateFlightCasualtiesFrom/ToCity% Correct
March 8, 2014Malaysia Airlines Flight 370239FromKuala Lumpur
91%
July 17, 2014Malaysia Airlines Flight 17298ToKuala Lumpur
91%
March 10, 2019Ethiopian Airlines Flight 302157FromAddis Ababa
87%
January 8, 2020Ukraine International Airlines Flight 752176ToKiev
87%
October 29, 2018Lion Air Flight 610189FromJakarta
86%
March 8, 2014Malaysia Airlines Flight 370239ToBeijing
73%
May 18. 2018Cubana de Aviación Flight 972112FromHavana
73%
July 17, 2014Malaysia Airlines Flight 17298FromAmsterdam
69%
July 24, 2014Air Algerie Flight 5017116ToAlgiers
64%
January 8, 2020Ukraine International Airlines Flight 752176FromTehran
60%
March 10, 2019Ethiopian Airlines Flight 302157ToNairobi
58%
December 28, 2014Indonesia AirAsia Flight 8501162ToSingapore
54%
March 24, 2015Germanwings Flight 9525150FromBarcelona
52%
March 24, 2015Germanwings Flight 9525150ToDusseldorf
52%
May 12, 2010Afriqiyah Airways Flight 771103ToTripoli
47%
December 28, 2014Indonesia AirAsia Flight 8501162FromSurabaya
40%
May 22, 2010Air India Express Flight 812158FromDubai
38%
July 28, 2010Airblue Flight 202152ToIslamabad
34%
April 20, 2012Bhoja Air Flight 213127ToIslamabad
34%
April 20, 2012Bhoja Air Flight 213127FromKarachi
34%
July 28, 2010Airblue Flight 202152FromKarachi
34%
May 12, 2010Afriqiyah Airways Flight 771103FromJohannesburg
33%
June 30, 2015Indonesian Air Force crash143FromMedan
29%
June 3, 2012Dana Air Flight 992163ToLagos
24%
October 31, 2015Kogalymavia Flight 9268224ToSt Petersburg
24%
June 3, 2012Dana Air Flight 992163FromAbuja
17%
May 22, 2010Air India Express Flight 812158ToMangaluru
14%
October 31, 2015Kogalymavia Flight 9268224FromSharm-el Sheikh
14%
October 29, 2018Lion Air Flight 610189ToPangkal Pinang
9%
May 18. 2018Cubana de Aviación Flight 972112ToHolguín
6%
July 24, 2014Air Algerie Flight 5017116FromOuagadougou
6%
June 30, 2015Indonesian Air Force crash143ToTanjung Pinang
3%

Score Distribution

Percentile by Number Answered

Percent of People with Each Score

Your Score History

You have not taken this quiz since the last reset